[Event "Montigny Autumn-B 16th"]
[Site "Montigny le Bretonneux"]
[Date "2017.10.26"]
[Round "6"]
[White "Couronne, Patrice"]
[Black "Chitrit, Norbert"]
[Result "0-1"]
[WhiteElo "1657"]
[BlackElo "1768"]
[PlyCount "58"]
[EventDate "2017.10.21"]
[EventType "tourn"]
[EventRounds "9"]
[EventCountry "FRA"]
[SourceTitle "EXT 2019"]
[Source "ChessBase"]
[SourceDate "2018.10.10"]
[SourceVersion "1"]
[SourceVersionDate "2018.10.10"]
[SourceQuality "1"]

1. d4 Nf6 2. c4 g6 3. Nc3 Bg7 4. e4 d6 5. f4 c5 6. d5 a6 7. Nf3 0-0 8. Bd3 b5 9. cxb5 axb5 10. 0-0 c4 11. Bc2 b4 12. Na4 Bd7 13. Rb1 Bxa4 14. Bxa4 Nxe4 15. Re1 Nc5 16. b3 c3 17. a3 Rxa4 18. bxa4 b3 19. Rxb3 Nxb3 20. Qxb3 Nd7 21. Be3 Qc7 22. Bd4 Rb8 23. Qc2 Rb2 24. Qd3 Bxd4+ 25. Nxd4 Qc5 26. Qe3 Nf6 27. Rc1 Nxd5 28. Qe4 Rd2 29. Kf1 Rxd4 0-1

[Event "Montigny Autumn-B 16th"]
[Site "Montigny le Bretonneux"]
[Date "2017.10.25"]
[Round "5"]
[White "Taramelli, Marc"]
[Black "Chitrit, Norbert"]
[Result "1-0"]
[WhiteElo "1787"]
[BlackElo "1768"]
[PlyCount "33"]
[EventDate "2017.10.21"]
[EventType "tourn"]
[EventRounds "9"]
[EventCountry "FRA"]
[SourceTitle "EXT 2019"]
[Source "ChessBase"]
[SourceDate "2018.10.10"]
[SourceVersion "1"]
[SourceVersionDate "2018.10.10"]
[SourceQuality "1"]

1. e4 e5 2. Nf3 Nc6 3. Bc4 Bc5 4. c3 Nf6 5. d4 exd4 6. cxd4 Bb4+ 7. Nc3 Nxe4 8. 0-0 Bxc3 9. d5 Bf6 10. Re1 Ne7 11. Rxe4 0-0 12. d6 cxd6 13. Qxd6 Nf5 14. Qd5 d6 15. Bg5 Bxg5 16. Nxg5 Qxg5 17. Qxf7+ 1-0

[Event "Montigny Autumn-B 16th"]
[Site "Montigny le Bretonneux"]
[Date "2017.10.24"]
[Round "4"]
[White "Chitrit, Norbert"]
[Black "Conq, Alain"]
[Result "1-0"]
[WhiteElo "1768"]
[BlackElo "1829"]
[PlyCount "107"]
[EventDate "2017.10.21"]
[EventType "tourn"]
[EventRounds "9"]
[EventCountry "FRA"]
[SourceTitle "EXT 2019"]
[Source "ChessBase"]
[SourceDate "2018.10.10"]
[SourceVersion "1"]
[SourceVersionDate "2018.10.10"]
[SourceQuality "1"]

1. e4 c5 2. Nf3 a6 3. d3 Nc6 4. g3 Nf6 5. Bg2 d5 6. Nbd2 Bg4 7. h3 Bxf3 8. Bxf3 e6 9. 0-0 Be7 10. c3 0-0 11. Bg2 Qc7 12. Qe2 d4 13. c4 e5 14. Nf3 h6 15. Nh4 Nh7 16. Nf5 Bg5 17. f4 Bf6 18. fxe5 Bxe5 19. Bf4 Bxf4 20. gxf4 Ne7 21. Ng3 Ng6 22. Nh5 Qd7 23. Qf2 Qe7 24. e5 Rab8 25. Rae1 Qh4 26. Ng3 Ne7 27. Re4 f5 28. exf6 Qxf6 29. Rfe1 Nf5 30. Nxf5 Qxf5 31. Re5 Qxd3 32. Kh2 Nf6 33. Rxc5 g5 34. Bf3 Nd7 35. Rd5 Rxf4 36. Qg2 Rxf3 37. Rxg5+ hxg5 38. Qxg5+ Kh8 39. Qh5+ Qh7 40. Qxf3 Rf8 41. Qg4 Qc2+ 42. Kh1 Qh7 43. Qxd4+ Qg7 44. Qh4+ Qh7 45. Qxh7+ Kxh7 46. Re7+ Kg6 47. Rxd7 Rc8 48. Rxb7 Rxc4 49. Kg2 Rc2+ 50. Kg3 a5 51. a3 Rc4 52. Rb5 Ra4 53. h4 Kh7 54. Kf3 1-0

[Event "Dieppe op 11th"]
[Site "Dieppe"]
[Date "2015.08.24"]
[Round "4"]
[White "Giacometto, Mario"]
[Black "Chitrit, Norbert"]
[Result "1-0"]
[WhiteElo "1946"]
[BlackElo "1741"]
[PlyCount "71"]
[EventDate "2015.08.22"]
[EventType "swiss"]
[EventRounds "9"]
[EventCountry "FRA"]
[SourceTitle "EXT 2018"]
[Source "ChessBase"]
[SourceDate "2017.10.13"]
[SourceVersion "1"]
[SourceVersionDate "2017.10.13"]
[SourceQuality "1"]

1. e4 e5 2. d4 exd4 3. c3 d5 4. exd5 Qxd5 5. cxd4 Nc6 6. Nf3 Bb4+ 7. Nc3 Be6 8. Be2 Nge7 9. 0-0 Qd8 10. a3 Bd6 11. Re1 0-0 12. Bg5 f6 13. d5 Nxd5 14. Nxd5 fxg5 15. Bc4 Bf7 16. Qd2 h6 17. Rad1 g4 18. Nd4 Ne5 19. Ba2 Qh4 20. g3 Qh3 21. Rxe5 Bxe5 22. Ne7+ Kh8 23. Bxf7 Bxd4 24. Ng6+ Kh7 25. Nf4 Rxf7 26. Nxh3 c5 27. Nf4 g6 28. Qc2 Rf6 29. Re1 Rb6 30. Re7+ Bg7 31. Nh5 Rg8 32. Rxg7+ Rxg7 33. Nxg7 Kxg7 34. Qxc5 h5 35. a4 Kh7 36. b4 1-0

[Event "Hauts de Seine-ch"]
[Site "Issy les Moulineaux"]
[Date "2013.06.16"]
[Round "4"]
[White "Chitrit, Norbert"]
[Black "Licayan, Albert"]
[Result "0-1"]
[WhiteElo "1857"]
[BlackElo "2072"]
[PlyCount "66"]
[EventDate "2013.06.15"]
[EventType "swiss"]
[EventRounds "5"]
[EventCountry "FRA"]
[SourceTitle "EXT 2015"]
[Source "ChessBase"]
[SourceDate "2014.11.20"]
[SourceVersion "1"]
[SourceVersionDate "2014.11.20"]
[SourceQuality "1"]

1. e4 c5 2. Nf3 e6 3. d3 b6 4. Be2 Bb7 5. 0-0 Nf6 6. c3 d5 7. e5 Nfd7 8. d4 Be7 9. b3 Nc6 10. Na3 Rc8 11. Nc2 Qc7 12. Bb5 a6 13. Bxc6 Bxc6 14. Ne3 0-0 15. Re1 b5 16. a3 a5 17. Bb2 Nb6 18. dxc5 Bxc5 19. Nd4 Be7 20. f4 a4 21. Qh5 g6 22. Qh6 Bd7 23. Ng4 f5 24. exf6 Bxf6 25. Nxe6 Bxe6 26. Rxe6 Bg7 27. Qh4 Qxf4 28. Rae1 h5 29. Rxg6 hxg4 30. Rxb6 Rce8 31. Rd1 Qe3+ 32. Kh1 Rf2 33. Qxg4 Qe1+ 0-1

[Event "Paris-ch op-B 87th"]
[Site "Paris"]
[Date "2012.07.08"]
[Round "2"]
[White "Chitrit, Norbert"]
[Black "Levoux, Sebastien"]
[Result "0-1"]
[WhiteElo "1871"]
[BlackElo "2046"]
[PlyCount "72"]
[EventDate "2012.07.07"]
[EventType "swiss"]
[EventRounds "9"]
[EventCountry "FRA"]
[SourceTitle "EXT 2013"]
[Source "ChessBase"]
[SourceDate "2012.11.22"]
[SourceVersion "1"]
[SourceVersionDate "2012.11.22"]
[SourceQuality "1"]

1. e4 e6 2. d4 d5 3. Nc3 Nf6 4. Bg5 Be7 5. e5 Nfd7 6. h4 Bxg5 7. hxg5 Qxg5 8. Nh3 Qe7 9. Qg4 f6 10. f4 c5 11. dxc5 fxe5 12. fxe5 Nxe5 13. Qh5+ Nf7 14. b4 g6 15. Bb5+ Nc6 16. Qe2 Qh4+ 17. Kd1 Qxb4 18. Nxd5 Qd4+ 19. Ke1 Qxa1+ 20. Kf2 Qd4+ 21. Ne3 0-0 22. Ke1 Qa1+ 23. Nd1 Nd4 24. Qc4 Nxb5 25. Qxb5 Qe5+ 26. Kd2 Rd8+ 27. Kc1 Qa1+ 28. Qb1 Qxb1+ 29. Kxb1 e5 30. Nhf2 Be6 31. Nc3 Rac8 32. Nce4 Kg7 33. c3 Bf5 34. Kb2 Bxe4 35. Nxe4 b6 36. cxb6 axb6 0-1

[Event "Syre Memorial op 29th"]
[Site "Issy les Moulineaux"]
[Date "2006.05.25"]
[Round "2"]
[White "Karila, Marc"]
[Black "Chitrit, Norbert"]
[Result "0-1"]
[WhiteElo "2096"]
[BlackElo "1941"]
[PlyCount "26"]
[EventDate "2006.05.25"]
[EventType "swiss"]
[EventRounds "6"]
[EventCountry "FRA"]
[SourceTitle "EXT 2007"]
[Source "ChessBase"]
[SourceDate "2006.11.23"]
[SourceVersion "1"]
[SourceVersionDate "2006.11.23"]
[SourceQuality "1"]

1. e4 e5 2. f4 exf4 3. Bc4 d5 4. Bxd5 Nf6 5. Nc3 Bb4 6. Qe2 0-0 7. Qd3 c6 8. Bb3 Qe7 9. Nge2 Bg4 10. 0-0 Rd8 11. Qc4 Be6 12. Nd5 cxd5 13. exd5 Nxd5 0-1

[Event "Paris op-A"]
[Site "Paris"]
[Date "2003.??.??"]
[Round "5"]
[White "Borzakian, Manouk"]
[Black "Chitrit, Norbert"]
[Result "1-0"]
[WhiteElo "2143"]
[BlackElo "1950"]
[PlyCount "65"]
[EventDate "2003.07.05"]
[EventType "swiss"]
[EventRounds "9"]
[EventCountry "FRA"]
[SourceTitle "EXT 2005"]
[Source "ChessBase"]
[SourceDate "2004.11.15"]
[SourceVersion "1"]
[SourceVersionDate "2004.11.15"]
[SourceQuality "1"]

1. e4 e5 2. f4 exf4 3. Nf3 d5 4. exd5 Nf6 5. Bc4 Bd6 6. Qe2+ Qe7 7. Qxe7+ Kxe7 8. 0-0 h6 9. Re1+ Kd8 10. d4 Bf5 11. Bb3 Rf8 12. c4 c5 13. dxc6 Nxc6 14. a3 g5 15. c5 Be7 16. Nc3 Bg4 17. Rd1 Bxf3 18. gxf3 Rc8 19. Bc2 a5 20. Bf5 Ra8 21. Kg2 Re8 22. d5 Ne5 23. d6 Bf8 24. Nb5 Nfd7 25. Nc7 Ra7 26. Nxe8 Kxe8 27. b4 axb4 28. Bb2 Nc4 29. axb4 Ne3+ 30. Kg1 Ra6 31. Rxa6 bxa6 32. Bxd7+ Kxd7 33. Ra1 1-0

[Event "Paris-ch op-B"]
[Site "Paris"]
[Date "2002.07.08"]
[Round "3.6"]
[White "Chitrit, Norbert"]
[Black "Lacassagne, Jean"]
[Result "1-0"]
[WhiteElo "1880"]
[BlackElo "2000"]
[PlyCount "95"]
[EventDate "2002.07.06"]
[EventType "swiss"]
[EventRounds "7"]
[EventCountry "FRA"]
[SourceTitle "EXT 2003"]
[Source "ChessBase"]
[SourceDate "2002.11.25"]
[SourceVersion "1"]
[SourceVersionDate "2002.11.25"]
[SourceQuality "1"]

1. e4 c5 2. Nf3 Nc6 3. d3 d6 4. Be2 g6 5. c3 Bg7 6. a4 Nf6 7. h3 h5 8. Nbd2 Bd7 9. 0-0 0-0 10. Re1 e5 11. Nc4 Ne8 12. Ne3 Nc7 13. Nd5 Nxd5 14. exd5 Ne7 15. d4 cxd4 16. cxd4 exd4 17. Bg5 f6 18. Bf4 Bf5 19. Nxd4 Rc8 20. Bf3 Rc5 21. Rxe7 Qxe7 22. Nxf5 gxf5 23. Bxh5 Qe4 24. Bxd6 Qxd5 25. Bxc5 Qxc5 26. Bg6 f4 27. Qb3+ Kh8 28. Qxb7 Qg5 29. Be4 f5 30. Bf3 Bd4 31. Rd1 Qf6 32. b4 Rg8 33. Qd5 Bb6 34. a5 Rd8 35. Qb3 Bd4 36. Qc4 Qe5 37. Kf1 Qg7 38. h4 Qf6 39. h5 Qg7 40. b5 Qf6 41. Qc7 Re8 42. Qxf4 Be5 43. Qc4 f4 44. Qc6 Qf8 45. Qg6 Qe7 46. Bc6 Rg8 47. Qe4 Qg5 48. Rd5 1-0